1878 1415 1287 1617 1040 1811 1559 1142 1827 1306 1440 1841 1049 1599 1086 1551 1596 1146 1781 1325 1380 1545 1567 1167 1715 1937 1501 1661 1418 1526 1030 1468 1042 1509 1378 1644 1971 1697 1876 1931 1338 1745 1644 1390 1665 1566 1994 1322 1649 1858 1666 1786 1691 1173 1348 1156 1971 1525 1306 1677 1832 1667 1277 1861 1820 1954 1220 1121 1222 1477 1399 1256 1534 1985 1697 1812 1904 1353 1467 1106 1932 1773 1799 1063 1190 1591 1172 1960 1628 1546 1604 1854 1836 1688 1421 1591 1854 1505 1257 BCNSPRNW ULIB Ver.6.0+V

เปลี่ยนเป็นภาษาไทย

Change to English
 แสดงรายละเอียดบรรณานุกรม
  กลับหน้าหลัก

Brief Record : Get Marc (ISO 2709) : E-mail record : QR code < ปิดหน้าต่าง
LEADER : 00000nam 2200000uu 4500
001    13399111484
003     ULIB
008    110628s||||||||th 000 0 tha d
020    9786115080472
050 04 BQ4570^bช411ม 2552
100 0  ชัยมงคล
245 10 มงคลชีวิต 38 ประการ /^cชัยมงคล
250    พิมพ์ครั้งที่ 2
260    กรุงเทพฯ :^bแสงดาว,^c2552
300    120 หน้า
650  7 มงคล
650  7 ธรรมะ
945    ^p90^l0^i027701
995    ทศพร
999 ^a ใช้งานได้ทุกระบบ
รายการนี้ยังไม่มีแท็ก
คุณยังไม่ได้ล็อกอิน คุณสามารถมีกิจกรรมร่วมกับเว็บไซต์ได้ แต่ต้องล็อกอินก่อน ::
  ล็อกอิน

รายการสื่อสารสนเทศ

ลำดับที่ ประเภท เลขเรียก/บาร์โค้ด สถานที่ สถานะ
- ไม่พบข้อมูล -

รายการใกล้เคียง
    ผู้แต่ง [ชัยมงคล]

    หัวเรื่อง [มงคล]
    หัวเรื่อง [ธรรมะ]

BibComment


ยังไม่เคยถูกคอมเมนท์

คอมเมนท์ทรัพยากรรายการนี้
  คอมเมนท์: มงคลชีวิต 38 ประก..


 Copyright 2026. Bcnsprnw @Library